Statistics for Top 500 Baby Girl Names in the USA - 1990's - Alphabetical

Click here to take the quiz!

General Stats

  • This quiz has been taken 10,799 times
  • The average score is 270 of 500

Answer Stats

Answer% Correct
325AAnn
96%
206AAnne
96%
131AAna
94%
40AAnna
94%
86CCatherine
90%
436KKatharine
90%
26KKatherine
90%
70KKathryn
90%
425EElisa
89%
354CChristian
88%
58KKristen
88%
111KKristin
88%
41MMary
88%
451AAbbey
87%
211AAbby
87%
356EElisabeth
87%
8EElizabeth
87%
424EEmilee
87%
3EEmily
87%
71EEmma
87%
14JJennifer
87%
357AAimee
86%
61AAmy
86%
2JJessica
85%
42MMaria
85%
78MMariah
85%
44SSara
85%
231HHanna
84%
16HHannah
84%
215IIsabel
84%
440IIsabelle
84%
45LLaura
84%
47OOlivia
84%
116AAlexa
83%
185AAshlee
83%
212AAshleigh
83%
1AAshley
83%
417CCarol
83%
365JJane
83%
59JJulia
83%
125JJulie
83%
132RRachael
83%
15RRachel
83%
50AAbigail
82%
152AAlison
82%
43AAllison
82%
209AAllyson
82%
439AAlyson
82%
7AAmanda
82%
284CCharlotte
82%
13LLauren
81%
207AAmelia
80%
36CChristina
80%
208CCristina
80%
115KKristina
80%
21VVictoria
80%
160AAlejandra
79%
28AAlexandra
79%
92CCaroline
79%
222CCarolyn
79%
146CChloe
79%
96GGrace
79%
382AAlice
78%
183DDeanna
78%
97DDiana
78%
202IIsabella
78%
68KKatie
78%
163AAngel
77%
299KKate
77%
308RRose
76%
348AAnnie
75%
325LLily
75%
27MMelissa
75%
5SSamantha
75%
391AAlaina
74%
237BBritney
74%
382BBrittani
74%
6BBrittany
74%
85BBrittney
74%
22DDanielle
74%
329EElena
74%
348EEva
74%
478KKelley
74%
249KKelli
74%
346KKellie
74%
55KKelly
74%
35KKimberly
74%
113LLisa
74%
53NNatalie
74%
233NNichole
74%
17NNicole
74%
24RRebecca
74%
156RRebekah
74%
192ZZoe
74%
98LLeah
73%
386BBria
72%
119HHailey
72%
49HHaley
72%
465HHaylee
72%
150HHayley
72%
37MMadison
72%
107MMargaret
72%
454MMichele
72%
31MMichelle
72%
19AAlexis
71%
279AAlexus
71%
257CCarrie
71%
205EEvelyn
71%
393KKari
71%
293MMarie
71%
93MMolly
71%
126PPatricia
71%
405SStefanie
71%
11SStephanie
71%
79AAlicia
70%
140CClaire
70%
473LLucy
70%
73AAngela
69%
419BBreana
69%
90BBreanna
69%
80BBriana
69%
29BBrianna
69%
415BBryanna
69%
485DDiane
69%
354FFrances
69%
494GGianna
69%
174JJoanna
69%
173MMeagan
69%
450MMeaghan
69%
10MMegan
69%
104MMeghan
69%
282AAlissa
68%
23AAlyssa
68%
46AAndrea
68%
118BBethany
68%
315HHelen
68%
224LLinda
68%
463NNora
68%
388SSofia
68%
154SSophia
68%
18AAmber
67%
69CCaitlin
67%
151CCaitlyn
67%
101CChristine
67%
200JJasmin
67%
25JJasmine
67%
214JJazmin
67%
235JJazmine
67%
102KKaitlin
67%
51KKaitlyn
67%
414KKaitlynn
67%
62KKatelyn
67%
261KKatelynn
67%
375KKristine
67%
240SSusan
67%
114HHolly
66%
128KKaren
66%
165AAudrey
65%
433CClara
65%
226EEllen
65%
48EErin
65%
162JJade
65%
282JJanet
65%
342KKylee
65%
148KKylie
65%
337MMadeleine
65%
94MMadeline
65%
374MMadelyn
65%
227MMia
65%
280CCara
64%
396CCortney
64%
20CCourtney
64%
129GGabriela
64%
166GGabriella
64%
76JJenna
64%
266JJenny
64%
138KKara
64%
446KKourtney
64%
109MMelanie
64%
369SSophie
64%
169AAriana
63%
254AArianna
63%
155DDaisy
63%
243DDaniela
63%
480DDaniella
63%
440KKaila
63%
12KKayla
63%
54VVanessa
63%
108VVeronica
63%
269AAngelina
62%
360DDeborah
62%
74GGabrielle
62%
267JJessie
62%
246RRosa
62%
408TTayler
62%
9TTaylor
62%
380AAaliyah
61%
296BBarbara
61%
66CCassandra
61%
461DDonna
61%
176FFaith
61%
223HHope
61%
198KKassandra
61%
312LLillian
61%
4SSarah
61%
295CCarla
60%
444CChristy
60%
197KKarla
60%
416KKristi
60%
436KKristy
60%
168SSandra
60%
56BBrooke
59%
474CCarley
59%
139CCarly
59%
57EErica
59%
468EEricka
59%
95EErika
59%
38HHeather
59%
221JJaclyn
59%
75JJacqueline
59%
271JJacquelyn
59%
84MMonica
59%
81AAlexandria
58%
492AAllie
58%
253AAubrey
58%
425JJosephine
58%
306RRuth
58%
332TTina
58%
99AAngelica
57%
121AApril
57%
123BBrenda
57%
341CCallie
57%
217CCiara
57%
433CCristal
57%
60CCrystal
57%
384KKali
57%
178KKiara
57%
372KKierra
57%
371KKira
57%
149KKrystal
57%
331KKyra
57%
153NNancy
57%
254NNina
57%
228TTeresa
57%
256TTheresa
57%
257WWendy
57%
498AAvery
56%
269CCarolina
56%
310CCassie
56%
460JJaime
56%
77JJamie
56%
52JJordan
56%
276JJordyn
56%
411JJuliana
56%
440JJulianna
56%
301SSharon
56%
30CChelsea
55%
167CChelsey
55%
345CChelsie
55%
297EEsther
55%
300NNatalia
55%
264RRuby
55%
136VValerie
55%
142AAdriana
54%
245AAdrianna
54%
403JJoy
54%
124KKathleen
54%
263MMaggie
54%
298SStacey
54%
328SStacy
54%
477TTiffani
54%
34TTiffany
54%
304AAlana
53%
185CCindy
53%
157DDana
53%
465JJosie
53%
225NNaomi
53%
305PPamela
53%
365PPaula
53%
203SSelena
53%
329VVivian
53%
217CCandace
52%
251CCandice
52%
475IIris
52%
412KKailey
52%
498KKaley
52%
142KKaylee
52%
421KKayleigh
52%
180MMakayla
52%
145MMichaela
52%
405MMikaela
52%
177MMikayla
52%
103CCynthia
51%
388FFrancesca
51%
188GGina
51%
243MMaya
51%
32MMorgan
51%
144NNatasha
51%
141TTara
51%
391TTracy
51%
321AAlexia
50%
127AAutumn
50%
110BBailey
50%
272CCamille
50%
451DDestinee
50%
82DDestiny
50%
157JJillian
50%
234KKendall
50%
488LLori
50%
289MMartha
50%
117AAriel
49%
315AArielle
49%
122CCasey
49%
288EElise
49%
250KKasey
49%
190LLydia
49%
312RRiley
49%
290TTia
49%
261CCarmen
48%
33KKelsey
48%
488KKelsi
48%
280KKelsie
48%
100LLindsay
48%
64LLindsey
48%
475LLyndsey
48%
106MMackenzie
48%
412MMakenzie
48%
192MMckenzie
48%
380MMelody
48%
421IIrene
47%
133KKendra
47%
65PPaige
47%
343SSerena
47%
72SShannon
47%
403TTania
47%
325TTanya
47%
433YYvonne
47%
335AAdrienne
46%
369BBrooklyn
46%
199DDenise
46%
480JJudith
46%
195MMarisa
46%
62MMarissa
46%
83MMiranda
46%
159CCassidy
45%
213LLacey
45%
120LLeslie
45%
323SSavanna
45%
87SSavannah
45%
164SSummer
45%
236TTamara
45%
303TToni
45%
293JJada
44%
112BBianca
43%
362NNadia
43%
337AAnastasia
42%
194BBridget
42%
444CCiera
42%
219CCierra
42%
273GGloria
42%
265HHeidi
42%
170KKatrina
42%
428MMariana
42%
89SSabrina
42%
346SSadie
42%
88SSierra
42%
285AAshlyn
41%
277CCecilia
41%
147JJocelyn
41%
484SSandy
41%
443YYvette
41%
488AAnita
40%
478CCameron
40%
251CClarissa
40%
454EElaine
40%
175KKirsten
40%
292MMelinda
40%
447CChrista
39%
171CClaudia
39%
290HHillary
39%
182KKrista
39%
220CColleen
38%
238JJustine
38%
134KKarina
38%
396MMacy
38%
461MMarilyn
38%
408SSidney
38%
67SSydney
38%
378SSylvia
38%
239TTessa
38%
491CCarina
37%
494JJulianne
37%
201TTori
37%
91WWhitney
37%
323JJanelle
36%
307VValeria
36%
130BBrandi
35%
178BBrandy
35%
427CCorinne
35%
401JJeanette
35%
365KKennedy
35%
308RRobin
35%
401RRobyn
35%
320SSasha
35%
39SShelby
35%
362SSonia
35%
421IIndia
34%
229MMeredith
34%
429PPayton
34%
375PPeyton
34%
210TTabitha
34%
494CCharity
33%
359KKyla
33%
286MMiriam
33%
334NNikki
33%
471NNoelle
33%
274VVirginia
33%
395BBrianne
32%
191FFelicia
32%
181MMallory
32%
260MMarina
32%
232RRenee
32%
188AAlisha
31%
172MMonique
31%
315CCeleste
30%
337DDakota
30%
137DDesiree
30%
447HHarley
30%
361LLiliana
30%
351MMckenna
30%
405CChasity
29%
467CCheyanne
29%
105CCheyenne
29%
196PPriscilla
29%
379SSkylar
29%
480TTalia
29%
485TTrisha
29%
447RRachelle
28%
365SShawna
28%
332TTiana
28%
430AAlma
27%
277EEbony
27%
463MMarlene
27%
375RRegina
27%
436JJohanna
26%
468AAngelique
25%
302CCarissa
25%
286EEsmeralda
25%
372KKarissa
25%
335AAshton
24%
492CChantel
24%
344DDevin
24%
357DDevon
24%
259RRaquel
24%
485SShana
24%
398SShayna
24%
419TTasha
24%
340TTyler
24%
470GGiselle
23%
390LLarissa
23%
430SSimone
23%
240TTatiana
23%
319BBrenna
22%
135DDominique
22%
471MMisty
22%
393DDelaney
21%
386NNicolette
21%
498CChanel
20%
353MMarisol
20%
161RRaven
20%
240TTiara
20%
216AAsia
19%
321LLogan
19%
318AAlondra
17%
459BBlanca
17%
246GGenesis
17%
398LLeticia
17%
310SShayla
17%
275KKiana
16%
494SShania
16%
204DDiamond
15%
184YYesenia
15%
456KKenya
14%
187MMercedes
14%
417RRandi
14%
398TTaryn
14%
230GGuadalupe
13%
385LLorena
13%
430MMaribel
13%
364DDeja
10%
312PPaola
10%
451TTanisha
10%
348IImani
9%
268KKatlyn
9%
248MMayra
9%
456PPrecious
9%
408SShanice
9%
480MMaritza
7%
456PPerla
7%
351TTierra
7%

Score Distribution

Percentile by Number Answered

Percent of People with Each Score

Your Score History

You have not taken this quiz